عمان فى ماضيها وحاضرها / (Record no. 67726)
[ view plain ]
| 000 -الفاتح | |
|---|---|
| حقل البيانات ثابتة الطول | 00712nam a2200193Ia 4500 |
| 005 - وقت وتاريخ اخر تعامل مع التسجيلة | |
| رقم الضبط | 20250622124039.0 |
| 008 - عناصر البيانات ثابتة الطول - معلومات عامة | |
| حقل البيانات ثابتة الطول | 250616s9999||||xx |||||||||||||| ||ara|| |
| 082 04 - رقم تصنيف ديوى العشرى | |
| رقم التصنيف | "956,81" |
| رقم المادة | م ع |
| 100 0# - المدخل الرئيسى - إسم شخصى | |
| الإسم الشخصى | محمود العابدى |
| 245 10 - بيان العنوان | |
| العنوان | عمان فى ماضيها وحاضرها / |
| بيان المسئوليه,etc | تأليف محمود العابدى |
| 250 ## - بيان الطبعة | |
| بيان الطبعة | ط1 |
| 260 3# - PUBLICATION, DISTRIBUTION, ETC. (IMPRINT) | |
| تاريخ النشر أو التوزيع | 2021. |
| 300 ## - الوصف المادى | |
| التعداد | "188 ، [1ص] :" |
| تفاصيل ماديه اخرى للوعاء | إيض ؛ |
| أبعاد الوعاء | 24سم. |
| 490 ## - بيان السلسلة | |
| عنوان السلسلة | مكتبة الأسرة الأردنية |
| 651 ## - المدخل الاضافى بالموضوع - اسم جغرافى | |
| الاسم الجغرافي | عمان |
| التقسيم الفرعي العام | تاريخ |
| التقسيم الفرعي الزمني | العصر الإسلامى |
| 651 ## - المدخل الاضافى بالموضوع - اسم جغرافى | |
| الاسم الجغرافي | عمان |
| التقسيم الفرعي العام | تاريخ |
| التقسيم الفرعي الزمني | العصر الحديث |
| 942 ## - عناصر المدخل الإضافي( كوها) | |
| Koha [default] item type | كتاب |
| 260 3# - PUBLICATION, DISTRIBUTION, ETC. (IMPRINT) | |
| -- | عمان : |
| -- | "وزارة الثقافة،" |
| حالة التراجع | حالة الفقد | حالة تلف | ليس للاعارة | المكان المؤقت | الموقع الحالى | موقع الترفيف | تاريخ الاكتساب | اجمالي اﻻعارات | تاريخ اخر مشاهدة | تاريخ تفعيل السعر | نوع وعاء كوها |
|---|---|---|---|---|---|---|---|---|---|---|---|
| مكتبة القاهرة الكبرى | مكتبة القاهرة الكبرى | القاعة الرئيسية | 06/22/2025 | 06/22/2025 | 06/22/2025 | كتاب |

